| Tag |
First Indicator |
Second Indicator |
Subfields |
| LEADER |
00000cam a2200000 i 4500 |
| 001 |
in00005633021 |
| 006 |
m o d |
| 007 |
cr |n|---||||a |
| 008 |
061024s2006 vau o 000 0 eng d |
| 005 |
20250331201015.1 |
| 035 |
|
|
|a (OCoLC)ocn156289726
|
| 040 |
|
|
|a UAB
|b eng
|e pn
|c UAB
|d OCLCG
|d TXJ
|d ALSTP
|d OCLCQ
|d OCLCA
|d OCLCQ
|d U3G
|d OCLCO
|d OCLCQ
|d OCLCF
|d OCLCO
|d OCLCQ
|d OCLCO
|d RRP
|d YOU
|d EYM
|d OCLCO
|d LVT
|d UAB
|d DKU
|d OCLCO
|d OCLCL
|d OCLCQ
|
| 019 |
|
|
|a 593414115
|a 1237016684
|
| 035 |
|
|
|a (OCoLC)156289726
|z (OCoLC)593414115
|z (OCoLC)1237016684
|
| 050 |
|
4 |
|a PN1997.A1
|
| 049 |
|
|
|a TXAM
|
| 100 |
1 |
|
|a Hecht, Ben,
|d 1894-1964.
|1 https://id.oclc.org/worldcat/entity/E39PBJcc7py9McbdVQk7MCPvpP
|
| 245 |
1 |
0 |
|a Notorious (1946) :
|b shooting script /
|c by Ben Hecht.
|
| 250 |
|
|
|a [1st electronic ed.].
|
| 260 |
|
|
|a Alexandria, VA :
|b Alexander Street Press,
|c 2006.
|
| 300 |
|
|
|a 1 online resource.
|
| 336 |
|
|
|a text
|b txt
|2 rdacontent
|
| 337 |
|
|
|a computer
|b c
|2 rdamedia
|
| 338 |
|
|
|a online resource
|b cr
|2 rdacarrier
|
| 490 |
1 |
|
|a American film scripts online.
|
| 500 |
|
|
|a Title from HTML t.p. (viewed Dec. 10, 2006).
|
| 650 |
|
0 |
|a Motion picture plays, American.
|
| 650 |
|
6 |
|a Scénarios de cinéma américains.
|
| 650 |
|
7 |
|a Motion picture plays, American.
|2 fast
|0 (OCoLC)fst01740826
|
| 655 |
|
7 |
|a Electronic books.
|2 local
|
| 655 |
|
7 |
|a screenplays.
|2 aat
|
| 655 |
|
7 |
|a Screenplays.
|2 fast
|0 (OCoLC)fst01726675
|
| 655 |
|
7 |
|a Motion picture plays.
|2 gsafd
|
| 655 |
|
7 |
|a Screenplays.
|2 lcgft
|
| 655 |
|
7 |
|a Scénarios de cinéma.
|2 rvmgf
|
| 710 |
2 |
|
|a Alexander Street (Firm)
|
| 758 |
|
|
|i has work:
|a Notorious (1946) (Text)
|1 https://id.oclc.org/worldcat/entity/E39PCGvTw6gJvgcmKrDC7TrBrm
|4 https://id.oclc.org/worldcat/ontology/hasWork
|
| 830 |
|
0 |
|a American film scripts online.
|
| 856 |
4 |
0 |
|u http://proxy.library.tamu.edu/login?url=https://www.aspresolver.com/aspresolver.asp?AFSO;FS001089
|z Connect to the full text of this electronic book
|t 0
|
| 936 |
|
|
|a BATCHLOAD
|
| 955 |
|
|
|a Alexander Press - Film Scripts Online Vol. 1
|
| 994 |
|
|
|a 92
|b TXA
|
| 999 |
f |
f |
|s 3cce5ae0-0a22-4681-92d0-5c229ec70e71
|i 799169e1-a42b-426b-a339-c54eab3e2e2d
|t 0
|
| 952 |
f |
f |
|a Texas A&M University
|b College Station
|c Electronic Resources
|d Available Online
|t 0
|e PN1997.A1
|h Library of Congress classification
|
| 998 |
f |
f |
|a PN1997.A1
|t 0
|l Available Online
|